EJ12 girl hero: rocky road (Record no. 9108)

MARC details
000 -LEADER
fixed length control field 00861nam a22002177a 4500
003 - CONTROL NUMBER IDENTIFIER
control field OSt
005 - DATE AND TIME OF LATEST TRANSACTION
control field 20260313035019.0
008 - FIXED-LENGTH DATA ELEMENTS--GENERAL INFORMATION
fixed length control field 260313b |||||||| |||| 00| 0 eng d
020 ## - INTERNATIONAL STANDARD BOOK NUMBER
International Standard Book Number 978-981-07-4558-5
040 ## - CATALOGING SOURCE
Original cataloging agency DWCK GS lib
Transcribing agency OC
082 ## - DEWEY DECIMAL CLASSIFICATION NUMBER
Classification number M479e 2010
100 ## - MAIN ENTRY--PERSONAL NAME
Personal name MCFARLANE, SUSANNAH
245 ## - TITLE STATEMENT
Title EJ12 girl hero: rocky road
Statement of responsibility, etc. SUSANNAH MCFARLANE
260 ## - PUBLICATION, DISTRIBUTION, ETC.
Place of publication, distribution, etc. New York
Name of publisher, distributor, etc. Scholastic
Date of publication, distribution, etc. 2010.
300 ## - PHYSICAL DESCRIPTION
Extent 121 p
Dimensions 20 cm.
520 ## - SUMMARY, ETC.
Summary, etc. follows 10-year-old Emma Jacks, who balances normal school life with her role as Special Agent EJ12 for the agency SHINE
650 ## - SUBJECT ADDED ENTRY--TOPICAL TERM
Topical term or geographic name entry element new mission and gets to rock like a rock star for the night as she uncovers the code within the music from the pink shadows a top
650 ## - SUBJECT ADDED ENTRY--TOPICAL TERM
Topical term or geographic name entry element to give her a girl hero who solved problems with her brain and her heart. Today
700 ## - ADDED ENTRY--PERSONAL NAME
Personal name SUSANNAH MCFARLANE
942 ## - ADDED ENTRY ELEMENTS (KOHA)
Source of classification or shelving scheme Dewey Decimal Classification
Koha item type Fiction
Suppress in OPAC No

No items available.